00313nam a2200121Ia 4500008004100000082002000041100001800061245003800079250000800117260003900125300001000164650001700174150201s1997 xx 000 0 und d a615.321bP1997S aSATOSKAR R.S. aPHARMACOLOGY & PHARMACOTHERAPTICS a5TH bPOPULAR PRAKASHANaHYDERABADc1997 a1-528 aPHARMACOLOGY